Cerita dari hati : Hidup penuh erti

Bibliographic Details
Main Author: Hilal Asyraf
Other Authors: Aiman Azlan
Format: Book
Published: Batu Caves , PTS Millennia , 2014
Subjects:

MARC

LEADER 00000cam a2200000 7i4500
001 0000050724
005 20150722.0
008 150722
020 |a 9789674112233 
090 0 0 |a 297.57   |b HIL 
100 1 |a Hilal Asyraf 
245 1 0 |a Cerita dari hati :   |b Hidup penuh erti   |c Hilal Asyraf; AIman Azlan 
260 |a Batu Caves ,   |c PTS Millennia ,   |c 2014 
300 |a 254pg. :   |b b&w ;   |c 23.5cm. 
650 0 |a Muslims   |x Conduct of life 
650 0 |a Religious life   |x Islam 
700 1 |a Aiman Azlan 
999 |a 0001357935   |b Book   |c Adult Collection   |e Cawangan Taman Sri Lambak 
999 |a 0001357936   |b Book   |c Adult Collection   |e Cawangan Bandar Penawar 
999 |a 0001357937   |b Book   |c Adult Collection   |e Cawangan Bandar Tenggara 
999 |a 0001357938   |b Book   |c Adult Collection   |e Cawangan Mersing 
999 |a 0001357939   |b Book   |c Children Collection   |e Cawangan Kota Tinggi 
999 |a 0001357940   |b Book   |c Adult Collection   |e Cawangan Bukit Gambir 
999 |a 0001357941   |b Book   |c Adult Collection   |e Cawangan Sri Merlong 
999 |a 0001357942   |b Book   |c Adult Collection   |e Cawangan Pontian 
999 |a 0001357943   |b Book   |c Adult Collection   |e Cawangan Muar 
999 |a 0001357944   |b Book   |c Adult Collection   |e Cawangan Tangkak 
999 |a 0001357946   |b Book   |c Adult Collection   |e Cawangan Tmn. Ungku Tun Aminah 
999 |a 0001357947   |b Book   |c Adult Collection   |e Cawangan Segamat 
999 |a 0001358140   |b Book   |c Adult Collection   |e Cawangan AEON Kulaijaya 
999 |a 0001358141   |b Book   |c Adult Collection   |e Perbadanan Perpustakaan Awam Johor 
999 |a 0001358143   |b Book   |c Adult Collection   |e Cawangan Urban Transformation Centre